[Event "FRA-ch Students Blitz"]
[Site "Nancy"]
[Date "2018.02.03"]
[Round "2.4"]
[White "Flick, Antoine"]
[Black "Vincken Vasquez, Dimaryk"]
[Result "1-0"]
[WhiteElo "2310"]
[BlackElo "2020"]
[PlyCount "65"]
[EventDate "2018.02.03"]
[EventType "swiss (blitz)"]
[EventRounds "15"]
[EventCountry "FRA"]
[SourceTitle "EXT 2019"]
[Source "ChessBase"]
[SourceDate "2018.10.10"]
[SourceVersion "1"]
[SourceVersionDate "2018.10.10"]
[SourceQuality "1"]

1. d4 d5 2. Nf3 Nf6 3. c4 c6 4. Qc2 Nbd7 5. g3 g6 6. Bg2 Bg7 7. 0-0 0-0 8. Nbd2 Nb6 9. b3 Bf5 10. Qd1 Ne4 11. Bb2 a5 12. a4 Nf6 13. Rc1 Nbd7 14. Re1 Nb8 15. Nh4 Qd7 16. Nxf5 Qxf5 17. e4 dxe4 18. Nxe4 Na6 19. h3 Rad8 20. g4 Qf4 21. Rc3 Nxe4 22. Rxe4 Qc7 23. Rce3 e6 24. Qe2 Nb4 25. h4 b5 26. g5 h5 27. gxh6 Bxh6 28. Rg3 Kh7 29. h5 Rg8 30. hxg6+ Rxg6 31. Rxg6 fxg6 32. Rxe6 Bg7 33. Qg4 1-0

[Event "Salon de Provence op 5th"]
[Site "Salon de Provence"]
[Date "2014.07.10"]
[Round "6"]
[White "Vincken Vasquez, Dimaryk"]
[Black "Brongers, Henk"]
[Result "0-1"]
[WhiteElo "1626"]
[BlackElo "2027"]
[PlyCount "120"]
[EventDate "2014.07.05"]
[EventType "swiss"]
[EventRounds "9"]
[EventCountry "FRA"]
[SourceTitle "EXT 2015"]
[Source "ChessBase"]
[SourceDate "2014.11.20"]
[SourceVersion "1"]
[SourceVersionDate "2014.11.20"]
[SourceQuality "1"]

1. e4 Nf6 2. e5 Ng8 3. Nf3 d6 4. exd6 cxd6 5. d4 Bf5 6. Be3 d5 7. Nbd2 Nd7 8. Be2 Ngf6 9. 0-0 e6 10. c3 Bd6 11. Re1 0-0 12. Nh4 Ne4 13. Nxf5 exf5 14. Nf3 g5 15. Bd3 g4 16. Nd2 Qh4 17. g3 Qh5 18. Nxe4 fxe4 19. Bf1 f5 20. Qd2 Rf6 21. Bf4 Bxf4 22. Qxf4 Rh6 23. Bg2 Nf8 24. Qe5 Rd8 25. c4 Re6 26. Qc7 Rd7 27. Qb8 dxc4 28. d5 Rxd5 29. Qxb7 Rd7 30. Qc8 Rd2 31. Rad1 Red6 32. Rxd2 Rxd2 33. Qxc4+ Qf7 34. Qc3 Qd5 35. Bf1 Qd4 36. Bc4+ Kg7 37. Qxd4+ Rxd4 38. b3 Ng6 39. a4 Ne5 40. Rc1 Rd2 41. Kf1 Rb2 42. Be2 Rxb3 43. Rc7+ Kg6 44. Rxa7 Rb1+ 45. Kg2 Nf3 46. Ra6+ Kg5 47. Bf1 Rb2 48. Rc6 Ra2 49. a5 Rxa5 50. h4+ gxh3+ 51. Kxh3 Ra2 52. Kg2 Rd2 53. Rc8 Kf6 54. Rf8+ Kg6 55. Bc4 Ne5 56. Be6 e3 57. Rxf5 Nd3 58. Rf3 Ne1+ 59. Kf1 Nxf3 60. fxe3 Kf6 0-1

[Event "Salon de Provence op 5th"]
[Site "Salon de Provence"]
[Date "2014.07.09"]
[Round "5"]
[White "Colandrea, Sauveur"]
[Black "Vincken Vasquez, Dimaryk"]
[Result "0-1"]
[WhiteElo "1764"]
[BlackElo "1626"]
[PlyCount "56"]
[EventDate "2014.07.05"]
[EventType "swiss"]
[EventRounds "9"]
[EventCountry "FRA"]
[SourceTitle "EXT 2015"]
[Source "ChessBase"]
[SourceDate "2014.11.20"]
[SourceVersion "1"]
[SourceVersionDate "2014.11.20"]
[SourceQuality "1"]

1. e4 Nf6 2. Nc3 d5 3. e5 Ne4 4. d4 c5 5. Nge2 cxd4 6. Nxd4 e6 7. Nce2 Nd7 8. f3 Nec5 9. Bf4 g6 10. Nc3 b6 11. Ncb5 Bb7 12. b4 Na6 13. a3 Nc7 14. Qd2 Nxb5 15. Bxb5 a6 16. Bxd7+ Qxd7 17. Bh6 Qc7 18. Bxf8 Qxe5+ 19. Kf2 Rxf8 20. Rhe1 Qf6 21. Re3 Rc8 22. Rae1 Kd7 23. Ne2 Rc4 24. Nc3 Rfc8 25. Ne4 Qh4+ 26. Kg1 Rxc2 27. Qd3 Ke7 28. Nc5 Qf2+ 0-1

[Event "Salon de Provence op 5th"]
[Site "Salon de Provence"]
[Date "2014.07.08"]
[Round "4"]
[White "Vincken Vasquez, Dimaryk"]
[Black "Legrand, Vincent"]
[Result "0-1"]
[WhiteElo "1626"]
[BlackElo "1833"]
[PlyCount "68"]
[EventDate "2014.07.05"]
[EventType "swiss"]
[EventRounds "9"]
[EventCountry "FRA"]
[SourceTitle "EXT 2015"]
[Source "ChessBase"]
[SourceDate "2014.11.20"]
[SourceVersion "1"]
[SourceVersionDate "2014.11.20"]
[SourceQuality "1"]

1. e4 e5 2. Nf3 Nc6 3. d4 exd4 4. Nxd4 Nxd4 5. Qxd4 Ne7 6. Nc3 Nc6 7. Qe3 g6 8. Bd2 Bg7 9. 0-0-0 0-0 10. Kb1 d6 11. f3 Be6 12. Nd5 Ne5 13. Bc3 c6 14. Nf4 Qc7 15. Qd4 Rfd8 16. Be2 c5 17. Nxe6 fxe6 18. Qe3 a6 19. f4 Nc6 20. Bc4 Re8 21. f5 Nd4 22. Bxd4 cxd4 23. Qh3 d5 24. exd5 b5 25. Bd3 exf5 26. a4 Qc5 27. Rhe1 Re3 28. Rxe3 dxe3 29. axb5 axb5 30. Re1 b4 31. Bc4 e2 32. d6+ Kh8 33. Qd3 Qa5 34. Ba6 Rxa6 0-1

[Event "Marseille op 5th"]
[Site "Marseille"]
[Date "2012.12.27"]
[Round "5"]
[White "Lucas, Jacques"]
[Black "Vincken Vasquez, Dimaryk"]
[Result "0-1"]
[WhiteElo "1376"]
[BlackElo "1605"]
[PlyCount "46"]
[EventDate "2012.12.26"]
[EventType "swiss"]
[EventRounds "9"]
[EventCountry "FRA"]
[SourceTitle "EXT 2014"]
[Source "ChessBase"]
[SourceDate "2013.11.20"]
[SourceVersion "1"]
[SourceVersionDate "2013.11.20"]
[SourceQuality "1"]

1. c4 Nf6 2. Nc3 d5 3. cxd5 Nxd5 4. Nxd5 Qxd5 5. Nf3 Nc6 6. g3 e5 7. Bg2 e4 8. Ng1 Bc5 9. e3 Ne5 10. h3 Nd3+ 11. Kf1 b6 12. Ne2 Bb7 13. Kg1 0-0-0 14. b3 Nxc1 15. Rxc1 Qxd2 16. Qxd2 Rxd2 17. Nc3 f5 18. Rf1 Ba6 19. Rd1 Rxd1+ 20. Nxd1 Rd8 21. Kh2 Rd2 22. g4 Bd6+ 23. f4 exf3+ 0-1